000 00884nam a2200277Ia 4500
003 OSt
005 20220928131358.0
006 a|||||r|||| 00| 0
007 ta
008 220927b |||||||| |||| 00| 0 eng d
020 _cUKP 122.00
024 _a133369
037 _b130, 15/03/2017, Aviva Books Company
_cTextual
040 _aSDCL
_cSDCL
_beng
041 _2eng
_aeng
082 _aD65264,145, Q6
100 _aGrebennikov Andrei
_9452071
245 0 _aBroadband RF and microwave amplifiers
260 _aBoca Raton
_b CRC Press
_c2016
300 _axxiv,743p.
_ccm.
650 _aElectronic Science
700 _a Kumar Narendra
_9452070
700 _a Yarman Binboga S.
_9477892
942 _hD65264,145, Q6
_cTEXL
_2CC
999 _c790379
_d790379